MARC

LEADER 00000nam0a2200000 4500
001 331282
005 20231102004336.0
035 |a (RuTPU)RU\TPU\book\357078 
090 |a 331282 
100 |a 20170419d1976 km y0rusy50 ca 
101 0 |a rus 
102 |a RU 
105 |a a z 001zy 
200 1 |a Проблемы интесификации электролиза в металлургии  |f А. Б. Сучков 
210 |a Москва  |c Металлургия  |d 1976 
215 |a 343 с.  |c ил. 
320 |a Библиогр.: с.330-341 
320 |a Предметный указатель: с. 342-343 
606 1 |a Металлы  |x Химия  |2 stltpush  |3 (RuTPU)RU\TPU\subj\43241 
606 1 |a Электролиз  |2 stltpush  |3 (RuTPU)RU\TPU\subj\70770  |9 84975 
610 1 |a интенсификация 
610 1 |a металлургия 
610 1 |a химические реакции 
610 1 |a кинетика 
610 1 |a электролиты 
610 1 |a электропроводность 
610 1 |a скорость 
610 1 |a технологические условия 
610 1 |a технологические параметры 
610 1 |a перспективы 
675 |a 669:54  |v 4 
675 |a 544.64  |v 4 
700 1 |a Сучков  |b А. Б.  |g Анатолий Борисович 
801 1 |a RU  |b 63413507  |c 20170419 
801 2 |a RU  |b 63413507  |c 20170420  |g RCR 
942 |c BK